| 000 | 01320nam a22002897a 4500 | ||
|---|---|---|---|
| 005 | 20110426154449.0 | ||
| 008 | 090408t xxu||||| |||| 00| 0 hin d | ||
| 010 | _aHIN-96794 | ||
| 020 |
_c250.00 _a9788188464364 |
||
| 035 | _aHN-69140 | ||
| 037 | _bDBAD / PUB | ||
| 040 |
_aDPL _bHN |
||
| 082 | _a425 | ||
| 100 |
_927482 _aअय्यर,आशा 'कनुप्रिया' |
||
| 245 |
_aहिन्दी शिक्षण : कैसे करें / _cआशा अय्यर 'कनुप्रिया' |
||
| 260 |
_bजाह्नवी प्रकाशन _c2011 _aदिल्ली |
||
| 270 |
_aए-71, पहली मंजिल,विवेक विहार फेस-2, _bदिल्ली _e110095 |
||
| 300 | 1 |
_a175पृ _c22सेमी (सजिल्द) |
|
| 650 | _91169 | ||
| 650 | _91170 | ||
| 700 | _927483 | ||
| 710 | _952094 | ||
| 711 |
_aसक्सेना,इरा _952444 |
||
| 942 |
_adpl _cHN _2ddc _mअय्यर _h425 |
||
| 999 |
_c70133 _d70133 |
||